<?xml version="1.0" encoding="UTF-8"?>
<record
    xmlns:xsi="http://www.w3.org/2001/XMLSchema-instance"
    xsi:schemaLocation="http://www.loc.gov/MARC21/slim http://www.loc.gov/standards/marcxml/schema/MARC21slim.xsd"
    xmlns="http://www.loc.gov/MARC21/slim">

  <leader>01041nam a2200229 a 4500</leader>
  <controlfield tag="001">BRCA_7924</controlfield>
  <controlfield tag="005">20190320210044.0</controlfield>
  <controlfield tag="008">060314s2004----u--a###f##---#001-0#eng-#</controlfield>
  <datafield tag="020" ind1=" " ind2=" ">
    <subfield code="a">9780300120479</subfield>
  </datafield>
  <datafield tag="041" ind1=" " ind2=" ">
    <subfield code="a">eng</subfield>
  </datafield>
  <datafield tag="044" ind1=" " ind2=" ">
    <subfield code="a">u</subfield>
  </datafield>
  <datafield tag="050" ind1=" " ind2="4">
    <subfield code="a">TL410</subfield>
    <subfield code="b">.H43 2004</subfield>
  </datafield>
  <datafield tag="100" ind1="1" ind2=" ">
    <subfield code="a">Herlihy, David V.</subfield>
    <subfield code="9">19602</subfield>
  </datafield>
  <datafield tag="245" ind1="1" ind2="0">
    <subfield code="a">Bicycle</subfield>
    <subfield code="b">the history</subfield>
    <subfield code="c">David V. Herlihy.</subfield>
  </datafield>
  <datafield tag="260" ind1=" " ind2=" ">
    <subfield code="a">Estados Unidos</subfield>
    <subfield code="b">Yale University Press</subfield>
    <subfield code="c">2004</subfield>
  </datafield>
  <datafield tag="300" ind1=" " ind2=" ">
    <subfield code="a">470 p.</subfield>
    <subfield code="b">il. (algunas a color)</subfield>
    <subfield code="c">25 cm.</subfield>
  </datafield>
  <datafield tag="500" ind1=" " ind2=" ">
    <subfield code="a">Incluye &#xED;ndice alfab&#xE9;tico</subfield>
  </datafield>
  <datafield tag="520" ind1="3" ind2=" ">
    <subfield code="a">Obra que nos remonta a los or&#xED;genes de la bicicleta, primero como medio de transporte y luego de diversi&#xF3;n. El autor narra apoyado de ilustraciones c&#xF3;mo este artilugio se volvi&#xF3; parte indispensable en nuestra cultura, en centros de trabajo y hogares; y c&#xF3;mo la variedad en dise&#xF1;o y materiales la han ido convirtiendo en una opci&#xF3;n pr&#xE1;ctica y ecol&#xF3;gica como medio de transporte</subfield>
  </datafield>
  <datafield tag="650" ind1="1" ind2="4">
    <subfield code="a">Bicicletas</subfield>
    <subfield code="x">Dise&#xF1;o y construcci&#xF3;n</subfield>
    <subfield code="9">19223</subfield>
  </datafield>
  <datafield tag="650" ind1="1" ind2="4">
    <subfield code="a">Bicicletas</subfield>
    <subfield code="x">Historia</subfield>
    <subfield code="9">19224</subfield>
  </datafield>
  <datafield tag="942" ind1=" " ind2=" ">
    <subfield code="2">lcc</subfield>
    <subfield code="c">B</subfield>
  </datafield>
  <datafield tag="999" ind1=" " ind2=" ">
    <subfield code="c">7594</subfield>
    <subfield code="d">7594</subfield>
  </datafield>
  <datafield tag="952" ind1=" " ind2=" ">
    <subfield code="0">0</subfield>
    <subfield code="1">0</subfield>
    <subfield code="4">0</subfield>
    <subfield code="7">0</subfield>
    <subfield code="a">BRCA</subfield>
    <subfield code="b">BRCA</subfield>
    <subfield code="d">2014-03-06</subfield>
    <subfield code="l">0</subfield>
    <subfield code="o">TL410 .H43 2004</subfield>
    <subfield code="p">02785</subfield>
    <subfield code="r">2019-03-22 00:00:00</subfield>
    <subfield code="w">2019-03-22</subfield>
    <subfield code="y">B</subfield>
  </datafield>
</record>
